000 00497nam a2200181Ia 4500
001 11099
005 20260306161921.0
008 260306t2005||||xx |||||||||||||| ||spa||
041 _aESP
082 _a985.008
_bR84 T. 4
100 _aRostworowski, María
_eAUT
245 0 _aRecursos naturales renovables y pesca, siglos XVI y XVII:
_bcuracas y sucesiones, costa norte
260 _c2005
300 _a330 páginas :
_c24 cm.
650 _aGEN
654 _aCHU
942 _cLIB
_dJUS
_fJUS
_2ddc
_n
999 _c11099
_d11099